000 00890nam a22002897a 4500
001 BR8000474
003 BR-BrBNA
005 20230928090528.0
007 ta
008 230509b bl.||||| |||| 00| 0 por d
040 _aBR-BrBNA
_bpor
_cBiblioteca Nacional de Agricultura
041 _a(Por)
072 _aL73
_b5300
_b4150
_b/G514
090 _ 5300 BR8000474
110 1 _aSecretaria Nacional de Defesa Agropecuaria, Brasilia, DF (Brasil). Secretaria de Defesa Sanitaria Animal
_99192
245 1 _aPeste suina 1978 [Sus domesticus; Virus; Brasil]
246 1 _a[African swine fever 1978 [Sus domesticus; Virus; Brazil]]
260 3 _aBrasilia, DF (Brasil):
_cJun 1979.
300 _a75 p.
500 _a13 graphs; 8 ref.
650 _aDoenca animal
650 _aSuino
650 _aVirus
650 _aPeste suina
909 _a202309
_bLucia
_c55
_dLucia Elande
942 _cBK
999 _c29218
_d29218